000 00791nam a22002297a 4500
999 _c21235
_d21235
003 AR-CdUCM
008 190319b ||||| |||| 00| 0 spa d
020 _a9786124728112
040 _aMUNICIPALIDAD PROVINCIAL DEL CUSCO
_cBIBLIOTECA MUNICIPAL DEL CUSCO
082 _a503 / U43
_bU43
110 _aUniversidad Andina del Cusco
_9768
245 _aSeminario regional proyectos de investigación desarrollo e innovación (I+D+i) /
260 _aCusco :
_bUniversidad Andica Cusco,
_c2017.
300 _a65 páginas ;
_c22 cm.
505 _aContenido: Comprendiendo los conceptos de la I+D+i desde la practica ...
650 _aCiencia
_92098
650 _aInvestigación
_91940
650 _aInnovación
_925275
650 _aTecnología
_91571
942 _2ddc
_cLIBROS
945 _aRoel